Đầu tư trực tiếp nước ngoài ở một số nước châu phi /
Tổng quan về vốn đầu tư trực tiếp nước ngoài vào Châu Phi.Thu hút trực tiếp đầu tư nước ngoài vào một số nước Chau phi tiêu biểu,Một số gợi ý cho Việt nam.
Guardado en:
| Autor principal: | |
|---|---|
| Formato: | Libro |
| Lenguaje: | Vietnamese |
| Publicado: |
KHXH,
2009.
|
| Materias: | |
| Etiquetas: |
Agregar Etiqueta
Sin Etiquetas, Sea el primero en etiquetar este registro!
|
| Thư viện lưu trữ: | Mạng thư viện Đại học Đà Nẵng |
|---|
| LEADER | 01334cam a22003371a 4500 | ||
|---|---|---|---|
| 001 | 000033217 | ||
| 003 | 9364 | ||
| 005 | 20240905114225.0 | ||
| 008 | 151016s2009 000 vie | ||
| 040 | |a LNN | ||
| 041 | |a vie | ||
| 082 | |a 495.923326 |b TR-P | ||
| 100 | |a Ths.Trần Thùy Phương | ||
| 245 | 0 | |a Đầu tư trực tiếp nước ngoài ở một số nước châu phi / |c Ths.Trần Thùy Phương. | |
| 260 | |a KHXH, |c 2009. | ||
| 300 | |a 278tr. : mh ; 20cm. | ||
| 520 | |a Tổng quan về vốn đầu tư trực tiếp nước ngoài vào Châu Phi.Thu hút trực tiếp đầu tư nước ngoài vào một số nước Chau phi tiêu biểu,Một số gợi ý cho Việt nam. | ||
| 650 | |a Ngôn ngữ | ||
| 653 | |a Trần Thùy Phương, đầu tư, nước ngoài | ||
| 852 | |c Ngôn ngữ tiếng Việt 1 | ||
| OWN | |a LNN | ||
| AVA | |a UDN50 |b LNN |d 495.923326 TR-P |e available |t Error 5001 Not defined in file expand_doc_bib_avail. |f 1 |g 0 |h N |i 0 |k 1 | ||
| 999 | |a From the UDN01 | ||
| AVA | |a UDN50 |b LNN |d 495.923326 TR-P |e available |t Error 5001 Not defined in file expand_doc_bib_avail. |f 1 |g 0 |h N |i 0 |k 1 | ||
| TYP | |a Monograph | ||
| 980 | |a Mạng thư viện Đại học Đà Nẵng | ||